| 000 | 00601nam a22001817a 4500 | ||
|---|---|---|---|
| 003 | OSt | ||
| 005 | 20180116183054.0 | ||
| 008 | 160905b xxu||||| |||| 00| 0 eng d | ||
| 020 | _a9694170648 | ||
| 040 | _c0 | ||
| 082 | _a015.5491075 NAT 2000 | ||
| 100 | _aCompiled by Shahid Mahmood | ||
| 245 |
_aNational Bibliography of Research Theses _bSubmitted to the Universities of Pakistan _cCompiled by Shahid Mahmood |
||
| 260 |
_aIslamabad- Pakistan _bMaqsood Ahmed University Grant Commission _c2000 |
||
| 300 |
_a442 p. _bPB |
||
| 440 | _aNational Bibliography of Research Theses | ||
| 942 |
_2ddc _cBK |
||
| 999 |
_c351760 _d351760 |
||